| 000 | 00367nam a2200157Ia 4500 | ||
|---|---|---|---|
| 008 | 210210b1904 xxu||||| |||| 00| 0 eng d | ||
| 041 | _aeng | ||
| 082 | _a930/121 | ||
| 100 | _aWILMOT BUXTON (E M) | ||
| 245 | _aAncient world | ||
| 260 |
_aLondon _bMethuen & co ltd _c1904 |
||
| 650 | _aworld | ||
| 650 | _aAncient | ||
| 690 | _aAncient History | ||
| 906 | _a025034 | ||
| 999 |
_c150734 _d150734 |
||